朱熹研究文选集(二): 教育篇 (Record no. 54357)

000 -LEADER
fixed length control field 00506nam a22001817a 4500
003 - CONTROL NUMBER IDENTIFIER
control field MPLRDC
005 - DATE AND TIME OF LATEST TRANSACTION
control field 20220104155146.0
008 - FIXED-LENGTH DATA ELEMENTS--GENERAL INFORMATION
fixed length control field 210129b ||||| |||| 00| 0 eng d
082 ## - DEWEY DECIMAL CLASSIFICATION NUMBER
Classification number 125.5 ZGM v.2 c.2
100 ## - MAIN ENTRY--PERSONAL NAME
Personal name 朱光铭编
245 ## - TITLE STATEMENT
Title 朱熹研究文选集(二): 教育篇
Statement of responsibility, etc.
250 ## - EDITION STATEMENT
Edition statement 初版
260 ## - PUBLICATION, DISTRIBUTION, ETC.
Place of publication, distribution, etc. 马来西亚
Name of publisher, distributor, etc. 马来西亚朱熹学术研究会
Date of publication, distribution, etc. 2004
300 ## - PHYSICAL DESCRIPTION
Other physical details
490 ## - SERIES STATEMENT
Series statement 朱熹研究文选集(二)
650 ## - SUBJECT ADDED ENTRY--TOPICAL TERM
Topical term or geographic name entry element 宋元哲学--朱子
942 ## - ADDED ENTRY ELEMENTS (KOHA)
Koha item type Book
-- 125.5 ZGM v.2 c.2
Holdings
Withdrawn status Lost status Source of classification or shelving scheme Damaged status Not for loan Collection code Home library Current library Shelving location Date acquired Cost, normal purchase price Total Checkouts Full call number Barcode Date last seen Date last checked out Price effective from Koha item type Public note
            Malaysian Public Library, Research and Development Centre Malaysian Public Library, Research and Development Centre   10/12/2007 0.00   125.5 ZGM v.2 c.2 00054544 18/03/2021 20/08/2016 18/03/2021 Book mplrdc

© 2022. Malaysian Public Library, Research and Development Centre. All Right ReservedE-mailmplrdc@help.edu.my 

Powered by Koha